AS Roma - Top Foreign Goalscorers - Statistics

General Stats
  • This quiz has been taken 82 times
  • The average score is 7 of 13
Answer Stats
Goals Nationality Player % Correct
119 Bosnia Edin Dzeko
100%
34 Egypt Mohamed Salah
93%
36 England Tammy Abraham
75%
33 Argentina Gabriel Batistuta
70%
30 Bosnia Miralem Pjanic
68%
64 Montenegro Mirko Vucinic
68%
68 Germany Rudi Voller
68%
33 Belgium Radja Nainggolan
67%
31 Argentina Diego Perotti
28%
31 Brazil Rodrigo Taddei
20%
31 Spain Joaquin Peiro
8%
33 Sweden Arne Selmosson
7%
32 Albania Naim Krieziu
5%
No matching quizzes found
Score Distribution
Percent of People with Each Score
Percentile by Number Answered
Your Score History
You have not taken this quiz